[Event "Portugal Open 2020"]
[Site "Lisboa POR"]
[Date "2020.01.26"]
[Round "3.81"]
[White "Corrie, Michael"]
[Black "Pfeiffer, Noah"]
[Result "1/2-1/2"]
[WhiteElo "1423"]
[BlackElo "1825"]
[WhiteFideId "2631067"]
[BlackFideId "241881"]
[WhiteCountry "CAN"]
[BlackCountry "BEL"]
[PlyCount "75"]
[EventDate "2020.01.25"]

1. d4 d5 2. Bf4 e6 3. Nf3 Nf6 4. e3 Bd6 5. Bg3 O-O 6. Bd3 c5 7. c3 Nc6 8. Nbd2
b6 9. e4 Be7 10. h3 g6 11. e5 Nh5 12. Bh2 Bb7 13. O-O Rc8 14. Be2 Ng7 15. Bf4
cxd4 16. Nxd4 Bc5 17. N2b3 Bxd4 18. Nxd4 Nxd4 19. cxd4 Qd7 20. Qd2 Qa4 21. b3
Qa3 22. Bh6 Rfe8 23. g4 Rc7 24. Qf4 Rec8 25. Bb5 Bc6 26. Bd3 Bd7 27. h4 Rc3 28.
Bb1 Qb2 29. h5 Qxa1 30. hxg6 hxg6 31. Bxg6 Qxf1+ 32. Kxf1 fxg6 33. Qf6 Bb5+ 34.
Kg2 R8c7 35. Bxg7 Rxg7 36. Qd8+ Kf7 37. Qf6+ Kg8 38. Qd8+ 1/2-1/2

[Event "Portugal Open 2020"]
[Site "Lisboa POR"]
[Date "2020.01.26"]
[Round "3.82"]
[White "Costa, Raul"]
[Black "Batista, Sandro"]
[Result "0-1"]
[WhiteElo "1420"]
[BlackElo "1741"]
[WhiteFideId "1956868"]
[BlackFideId "1908561"]
[WhiteCountry "POR"]
[BlackCountry "POR"]
[PlyCount "114"]
[EventDate "2020.01.25"]

1. e4 c5 2. Nc3 e6 3. Bc4 a6 4. a3 d6 5. f4 Nf6 6. Ba2 Qc7 7. Nf3 Nc6 8. d3 b5
9. O-O Be7 10. Bd2 O-O 11. Qe1 b4 12. Ne2 bxa3 13. bxa3 Rb8 14. Rb1 Rxb1 15.
Qxb1 Bb7 16. Qe1 Rb8 17. Bc3 e5 18. Ng5 Rf8 19. Qh4 h6 20. Rf3 Nh7 21. Qh5 Nxg5
22. fxg5 Bxg5 23. Rg3 Nd4 24. Bxd4 cxd4 25. Bb3 d5 26. h4 g6 27. Rxg5 hxg5 28.
Qxg5 Qd8 29. Qh6 Qf6 30. exd5 Qh8 31. Qg5 Qh5 32. Qxh5 gxh5 33. Ng3 Kg7 34.
Nxh5+ Kg6 35. Ng3 Rd8 36. h5+ Kh6 37. Nf5+ Kxh5 38. d6 Kg5 39. g4 Bf3 40. Bxf7
Bxg4 41. Ng3 Kf4 42. Ne4 Bf5 43. Nc5 Rxd6 44. Bc4 Rg6+ 45. Kf2 a5 46. a4 Bh3 47.
Bd5 Rd6 48. Bc4 Rb6 49. Bb3 Bc8 50. Ne4 Rh6 51. Nc5 Rh2+ 52. Kg1 Rd2 53. Ne4
Rd1+ 54. Kf2 Bb7 55. Ke2 Rh1 56. Nc5 Bf3+ 57. Kd2 Rd1# 0-1

[Event "Portugal Open 2020"]
[Site "Lisboa POR"]
[Date "2020.01.26"]
[Round "3.83"]
[White "Mões Joaquim, Carlos"]
[Black "Barros, Arlindo"]
[Result "0-1"]
[WhiteElo "1396"]
[BlackElo "1671"]
[WhiteFideId "1928104"]
[BlackFideId "23600640"]
[WhiteCountry "CPV"]
[BlackCountry "CPV"]
[PlyCount "86"]
[EventDate "2020.01.25"]

1. d4 Nf6 2. c4 e6 3. Nf3 d5 4. Nc3 Nbd7 5. Bf4 a6 6. e3 c6 7. Be2 dxc4 8. Bxc4
b5 9. Be2 Be7 10. h3 O-O 11. O-O Bb7 12. Nd2 c5 13. dxc5 Nxc5 14. Nb3 Qxd1 15.
Bxd1 Nd3 16. Rb1 Nxf4 17. exf4 Rac8 18. Nd4 Rfd8 19. Nf3 Nh5 20. g3 Rxd1 21.
Rbxd1 Bxf3 22. Rd7 Bc5 23. Nd1 Nxg3 24. Rd3 Ne2+ 25. Kh2 Be4 26. Rd2 Nxf4 27.
Ne3 Nd5 28. Ng4 h5 29. f3 Ne3 30. Nxe3 Bxe3 31. Rg2 Bf5 32. Kg3 Rc4 33. Rd1 h4+
34. Kh2 Bf4+ 35. Kh1 Bxh3 36. Re2 Bf5 37. Rd8+ Kh7 38. Rd1 g5 39. Ree1 g4 40.
Rd7 Kg6 41. fxg4 Bxg4 42. Rf1 h3 43. Ra7 Bf3+ 0-1

[Event "Portugal Open 2020"]
[Site "Lisboa POR"]
[Date "2020.01.26"]
[Round "3.84"]
[White "Almeida, Ângelo"]
[Black "Maissa, Susana"]
[Result "1-0"]
[WhiteElo "1669"]
[BlackElo "1361"]
[WhiteFideId "1910329"]
[BlackFideId "1954202"]
[WhiteCountry "POR"]
[BlackCountry "POR"]
[PlyCount "51"]
[EventDate "2020.01.25"]

1. d4 Nf6 2. Nf3 d5 3. c4 Bf5 4. Nc3 e6 5. Qb3 b6 6. cxd5 exd5 7. Bg5 c6 8. Bxf6
Qxf6 9. Nxd5 cxd5 10. Qxd5 Bb4+ 11. Kd1 Nc6 12. Rc1 Rc8 13. e4 Bd7 14. e5 Qe6
15. Qb5 O-O 16. d5 Ne7 17. dxe6 Rxc1+ 18. Kxc1 Rc8+ 19. Qc4 Rxc4+ 20. Bxc4 fxe6
21. Rd1 Bc8 22. Ng5 Bc5 23. Nxe6 Bxf2 24. Ng5+ Kh8 25. Rd8+ Ng8 26. Rxg8# 1-0

[Event "Portugal Open 2020"]
[Site "Lisboa POR"]
[Date "2020.01.26"]
[Round "3.85"]
[White "Miranda, Raúl"]
[Black "Fonseca, René Gil"]
[Result "1-0"]
[WhiteElo "1662"]
[BlackElo "1332"]
[WhiteFideId "1960660"]
[BlackFideId "1957767"]
[WhiteCountry "POR"]
[BlackCountry "POR"]
[PlyCount "119"]
[EventDate "2020.01.25"]

1. e4 e6 2. d4 d5 3. exd5 exd5 4. Bd3 Bd6 5. Ne2 Ne7 6. Bf4 O-O 7. O-O Bf5 8.
Bg3 c6 9. Re1 Qc7 10. a4 Nd7 11. Bxd6 Qxd6 12. Ng3 Bxd3 13. Qxd3 Rfe8 14. Nd2
Nf6 15. Nf3 Ng6 16. c3 Qf4 17. b4 Ne4 18. Ne2 Qg4 19. Ne5 Nxe5 20. dxe5 Qh4 21.
g3 Qh6 22. f3 Ng5 23. Nd4 Ne6 24. Rad1 Nxd4 25. Qxd4 Re6 26. c4 Ree8 27. cxd5
cxd5 28. Qxd5 Qb6+ 29. Qc5 Qxc5+ 30. bxc5 Rac8 31. Rd5 Rc6 32. Rb1 b6 33. cxb6
axb6 34. Rdb5 Rc4 35. Rxb6 Rxa4 36. f4 Raa8 37. Kf2 Kf8 38. Kf3 Ra3+ 39. R1b3
Rxb3+ 40. Rxb3 Ke7 41. Rb7+ Ke6 42. Ke4 f5+ 43. Ke3 Re7 44. Rxe7+ Kxe7 45. Kd4
h5 46. Kd5 Kd7 47. e6+ Ke7 48. Ke5 g6 49. Kd5 Ke8 50. Kd6 Kd8 51. e7+ Ke8 52.
Ke6 h4 53. Kf6 h3 54. Kxg6 Kxe7 55. Kxf5 Kf7 56. g4 Kg7 57. Ke6 Kg6 58. Ke7 Kg7
59. f5 Kg8 60. f6 1-0

[Event "Portugal Open 2020"]
[Site "Lisboa POR"]
[Date "2020.01.26"]
[Round "3.86"]
[White "Tacuchian, Marcelo"]
[Black "Pena Barbeito, Rodrigo"]
[Result "0-1"]
[WhiteElo "1363"]
[BlackElo "1658"]
[WhiteFideId "1964208"]
[BlackFideId "22228055"]
[WhiteCountry "BRA"]
[BlackCountry "ESP"]
[PlyCount "78"]
[EventDate "2020.01.25"]

1. c4 c5 2. Nf3 Nf6 3. Nc3 d5 4. cxd5 Nxd5 5. g3 g6 6. Bg2 Nxc3 7. bxc3 Bg7 8.
O-O O-O 9. Ba3 Nd7 10. Rb1 Rb8 11. e3 Re8 12. Qb3 b5 13. d4 b4 14. cxb4 cxb4 15.
Bb2 a5 16. Rfc1 Nb6 17. Rc5 Be6 18. Qc2 a4 19. Ba1 b3 20. axb3 axb3 21. Qd2 Na4
22. Ra5 Bf5 23. Rxf5 gxf5 24. Bf1 Qb6 25. Bb2 Rec8 26. Bd3 e6 27. Qe2 Nc3 28.
Bxc3 Rxc3 29. Rb2 Bf8 30. Ne5 Ra8 31. Qh5 Qb7 32. f3 f6 33. Bxf5 exf5 34. Ng6
Ra1+ 35. Kg2 Rc2+ 36. Kh3 Rh1 37. Qxf5 Rhxh2+ 38. Kg4 h5+ 39. Kf4 Bh6+ 0-1

[Event "Portugal Open 2020"]
[Site "Lisboa POR"]
[Date "2020.01.26"]
[Round "3.87"]
[White "Dong, Rafael"]
[Black "Lança, Luis"]
[Result "0-1"]
[WhiteElo "1656"]
[BlackElo "1281"]
[WhiteFideId "1958038"]
[BlackFideId "1936450"]
[WhiteCountry "POR"]
[BlackCountry "POR"]
[PlyCount "60"]
[EventDate "2020.01.25"]

1. c4 e5 2. Nc3 Nf6 3. e4 Nc6 4. Nf3 d6 5. d3 Bg4 6. Be2 Be7 7. h3 Be6 8. O-O
O-O 9. Nd5 h6 10. Bd2 Re8 11. b4 Bf8 12. b5 Ne7 13. Nxf6+ gxf6 14. Qc1 Kh7 15.
Nh4 f5 16. Nxf5 Nxf5 17. exf5 Bxf5 18. Qa3 Qf6 19. Be3 Qg6 20. Kh1 d5 21. Qb3 d4
22. Bd2 Bd6 23. g4 Rg8 24. Rg1 Bc8 25. Bf3 Qf6 26. Be4+ Kh8 27. Raf1 Qh4 28. Kg2
Bxg4 29. f4 Bd1+ 30. Kh2 Bxb3 0-1

[Event "Portugal Open 2020"]
[Site "Lisboa POR"]
[Date "2020.01.26"]
[Round "3.88"]
[White "Gonçalves, Carlos"]
[Black "Artozqui Irurzun, Ernesto"]
[Result "0-1"]
[WhiteElo "1638"]
[BlackElo "1241"]
[WhiteFideId "1912879"]
[BlackFideId "54581826"]
[WhiteCountry "POR"]
[BlackCountry "ESP"]
[PlyCount "76"]
[EventDate "2020.01.25"]

1. Nf3 Nf6 2. g3 d5 3. Bg2 c5 4. O-O e6 5. d4 Nc6 6. c4 Qb6 7. cxd5 Nxd5 8. e4
Nf6 9. d5 Nd4 10. dxe6 Bxe6 11. Nc3 Rd8 12. Nxd4 cxd4 13. Nd5 Nxd5 14. exd5 Bxd5
15. Re1+ Be6 16. Qa4+ Rd7 17. Bf4 Bc5 18. Rac1 O-O 19. Rxc5 Qxc5 20. Rxe6 b5 21.
Qa6 fxe6 22. Qxe6+ Rdf7 23. Bd5 d3 24. Qe4 d2 25. Bxf7+ Rxf7 26. Qe8+ Rf8 27.
Qe6+ Kh8 28. Qb3 Qc1+ 29. Kg2 d1=Q 30. Bxc1 Qxc1 31. Qxb5 Qc2 32. Qb4 Qxf2+ 33.
Kh3 Qf1+ 34. Kh4 h6 35. Qa3 a6 36. Qc5 Qf2 37. Qb4 Qxh2+ 38. Kg4 h5+ 0-1

[Event "Portugal Open 2020"]
[Site "Lisboa POR"]
[Date "2020.01.26"]
[Round "3.89"]
[White "Florissi, Aldo"]
[Black "Azinheira, André"]
[Result "1/2-1/2"]
[WhiteElo "1351"]
[BlackElo "1634"]
[WhiteFideId "28513428"]
[BlackFideId "1931920"]
[WhiteCountry "ITA"]
[BlackCountry "POR"]
[PlyCount "83"]
[EventDate "2020.01.25"]

1. e4 c5 2. g3 g6 3. Bg2 Bg7 4. c3 Nc6 5. Nf3 d6 6. O-O Nf6 7. d4 Nxe4 8. d5
Nxc3 9. Nxc3 Nb4 10. a3 Na6 11. Re1 O-O 12. Bg5 Re8 13. h3 h6 14. Be3 Bd7 15.
Qd2 Kh7 16. Kh2 Qa5 17. Rh1 b5 18. g4 c4 19. Bd4 Nc5 20. Bxg7 Kxg7 21. Qd4+ Kh7
22. Qf4 Rf8 23. h4 Nd3 24. Qd4 Qb6 25. Kg3 Qc7 26. Ng5+ Kg8 27. Raf1 hxg5 28.
hxg5 f6 29. gxf6 exf6 30. g5 Qc5 31. Qh4 Kf7 32. gxf6 Rh8 33. Qh7+ Rxh7 34.
Rxh7+ Kg8 35. Rg7+ Kf8 36. Ne4 Qd4 37. Rh1 Qe5+ 38. Kf3 Bg4+ 39. Ke3 Qf4+ 40.
Kd4 Qe5+ 41. Ke3 Qf4+ 42. Kd4 1/2-1/2

[Event "Portugal Open 2020"]
[Site "Lisboa POR"]
[Date "2020.01.26"]
[Round "3.90"]
[White "Dong, Fábio"]
[Black "Bártolo, Diogo"]
[Result "1-0"]
[WhiteElo "1623"]
[BlackElo "1216"]
[WhiteFideId "1958020"]
[BlackFideId "1946757"]
[WhiteCountry "POR"]
[BlackCountry "POR"]
[PlyCount "67"]
[EventDate "2020.01.25"]

1. c4 e5 2. Nc3 Bb4 3. g3 Bxc3 4. bxc3 Nf6 5. Bg2 c6 6. Nf3 e4 7. Nd4 d5 8. cxd5
cxd5 9. O-O O-O 10. Ba3 Re8 11. Qc2 Nc6 12. Nxc6 bxc6 13. Rab1 Ba6 14. Rfe1 Rb8
15. Bc5 Qc7 16. Qa4 Rxb1 17. Rxb1 Bxe2 18. Qxa7 Qxa7 19. Bxa7 Nd7 20. Rb7 Bg4
21. h3 Be6 22. a4 Ne5 23. a5 Bc8 24. Rb8 Nd7 25. Rb1 Ba6 26. Bf1 Bxf1 27. Kxf1
f5 28. Rb7 Rd8 29. a6 Kf7 30. Bb6 Ra8 31. Rxd7+ Ke6 32. Ra7 Rc8 33. Rb7 Re8 34.
a7 1-0

[Event "Portugal Open 2020"]
[Site "Lisboa POR"]
[Date "2020.01.26"]
[Round "3.91"]
[White "Costa, Fábio"]
[Black "Barros, Luís"]
[Result "0-1"]
[WhiteElo "1258"]
[BlackElo "1619"]
[WhiteFideId "1961063"]
[BlackFideId "23600110"]
[WhiteCountry "POR"]
[BlackCountry "CPV"]
[PlyCount "134"]
[EventDate "2020.01.25"]

1. e4 e6 2. d4 d6 3. c4 Nf6 4. Nc3 Nbd7 5. Nf3 c5 6. d5 e5 7. Be2 Be7 8. O-O O-O
9. h3 Ne8 10. Be3 Nb6 11. a3 f5 12. exf5 Bxf5 13. b4 e4 14. Nd2 Bf6 15. Rc1 Bxc3
16. Rxc3 Nd7 17. Nb3 b6 18. Bf4 Qf6 19. Qc1 Ne5 20. Bg3 g5 21. Bxe5 dxe5 22.
bxc5 bxc5 23. Nxc5 Nd6 24. Nb3 Rab8 25. c5 Nb5 26. Bxb5 Rxb5 27. Rd1 g4 28. hxg4
Bxg4 29. Rd2 Qg6 30. Qf1 Rb7 31. Na5 Rg7 32. Nc4 Qg5 33. Ne3 Bf3 34. c6 Qh5 35.
c7 Qh3 36. d6 Kh8 37. d7 Rfg8 38. d8=Q Bxg2 39. Qxg8+ Rxg8 40. Nxg2 Qxc3 41. Rd7
e3 42. Qb1 exf2+ 43. Kf1 Qh3 44. Rxh7+ Qxh7 45. Qxh7+ Kxh7 46. Ne3 Kg6 47. Kxf2
Kf6 48. Nc4 Ke6 49. Kf3 Rf8+ 50. Ke4 Rf4+ 51. Kd3 Rf8 52. Ke4 Rc8 53. Nxe5 Rxc7
54. Nd3 Rc4+ 55. Ke3 a5 56. a4 Kf5 57. Kd2 Rxa4 58. Kc2 Rh4 59. Kb1 Rh2 60. Nb2
Ke4 61. Nc4 a4 62. Nb2 a3 63. Nc4 a2+ 64. Ka1 Kd3 65. Nb2+ Kc3 66. Na4+ Kb3 67.
Nc5+ Ka3 0-1

[Event "Portugal Open 2020"]
[Site "Lisboa POR"]
[Date "2020.01.26"]
[Round "3.92"]
[White "Rosa, José"]
[Black "Dias, José"]
[Result "0-1"]
[WhiteElo "1224"]
[BlackElo "1593"]
[WhiteFideId "1961977"]
[BlackFideId "1923943"]
[WhiteCountry "POR"]
[BlackCountry "POR"]
[PlyCount "84"]
[EventDate "2020.01.25"]

1. e4 d5 2. exd5 Nf6 3. Bb5+ c6 4. dxc6 bxc6 5. Be2 e5 6. Nc3 a5 7. d3 a4 8. Nf3
Qc7 9. O-O Nbd7 10. d4 exd4 11. Nxd4 Bc5 12. Re1 O-O 13. Bf3 Bb7 14. Be3 Rfd8
15. Ne4 Nxe4 16. Bxe4 Nf6 17. Bf3 Qb6 18. c3 Rd7 19. b4 axb3 20. Qxb3 Qa6 21.
Rab1 Nd5 22. Bxd5 cxd5 23. Nf5 Bf8 24. Bf4 Qd3 25. Nd6 Bc6 26. Nb5 Rb7 27. a4
Qf5 28. Bd6 Bxd6 29. Nxd6 Rxb3 30. Nxf5 Rxb1 31. Rxb1 Kf8 32. Rb6 Bxa4 33. Rd6
Bc2 34. Ne3 Ra1+ 35. Nf1 Bd3 36. h3 Rxf1+ 37. Kh2 Bc4 38. f3 Rb1 39. Rd8+ Ke7
40. Rg8 g6 41. Rg7 h5 42. g4 Kf8 0-1

[Event "Portugal Open 2020"]
[Site "Lisboa POR"]
[Date "2020.01.26"]
[Round "3.93"]
[White "Antunes, Ana"]
[Black "Oliveira, Fernando Alves"]
[Result "1-0"]
[WhiteElo "1215"]
[BlackElo "1574"]
[WhiteFideId "1936310"]
[BlackFideId "1947869"]
[WhiteCountry "POR"]
[BlackCountry "POR"]
[PlyCount "95"]
[EventDate "2020.01.25"]

1. e4 d5 2. exd5 Qxd5 3. Nf3 Bg4 4. Be2 Nf6 5. d4 e6 6. O-O Be7 7. Bf4 Qd8 8. h3
Bh5 9. Re1 O-O 10. Nbd2 Nbd7 11. Nf1 Bg6 12. Ng3 Nd5 13. Bd2 Nb4 14. Bxb4 Bxb4
15. c3 Bd6 16. Bd3 Bxg3 17. fxg3 Bxd3 18. Qxd3 c6 19. Re2 Qb6 20. Ng5 Nf6 21.
Rf1 h6 22. Nf3 Rad8 23. g4 c5 24. Kh1 cxd4 25. Nxd4 Qa5 26. Qc4 Rd5 27. Rfe1
Rfd8 28. Qb3 Qa6 29. Kg1 R8d6 30. a4 Ra5 31. Re5 Rad5 32. Rxd5 Rxd5 33. Kh1 Qd3
34. Rd1 Qg3 35. Qc2 Qh4 36. Qe2 Qg3 37. Nf3 Qd6 38. Rxd5 Qxd5 39. Qd2 Qe4 40.
Qd4 Qb1+ 41. Kh2 Ne4 42. Qxa7 Qxb2 43. Qb8+ Kh7 44. Ne5 Ng5 45. h4 Ne4 46. Nxf7
Qxc3 47. h5 Qe1 48. Qh8# 1-0

[Event "Portugal Open 2020"]
[Site "Lisboa POR"]
[Date "2020.01.26"]
[Round "3.94"]
[White "Lages, Duarte"]
[Black "Gama, João Tiago"]
[Result "0-1"]
[WhiteElo "1548"]
[BlackElo "1214"]
[WhiteFideId "2161680"]
[BlackFideId "1961160"]
[WhiteCountry "POR"]
[BlackCountry "POR"]
[PlyCount "108"]
[EventDate "2020.01.25"]

1. d4 d5 2. c4 e6 3. Nc3 Nf6 4. Bg5 Be7 5. e3 Nbd7 6. Nf3 c5 7. cxd5 exd5 8.
dxc5 Nxc5 9. Bb5+ Bd7 10. Bxd7+ Qxd7 11. O-O O-O 12. h3 Ne6 13. Nxd5 Qxd5 14.
Bxf6 Qxd1 15. Rfxd1 Bxf6 16. Rab1 Rfd8 17. g3 Rac8 18. b3 Ng5 19. Nxg5 Bxg5 20.
Rxd8+ Rxd8 21. Rb2 Kf8 22. Kg2 Ke7 23. Rc2 Bf6 24. f4 g6 25. e4 Bd4 26. e5 Ke6
27. Kf3 Bb6 28. Rc3 Ba5 29. Re3 Bd2 30. Re4 Ba5 31. b4 Bb6 32. a4 Rd4 33. a5
Rxe4 34. Kxe4 Bf2 35. g4 Be1 36. f5+ gxf5+ 37. gxf5+ Ke7 38. b5 Bxa5 39. Kd4 a6
40. bxa6 bxa6 41. Kc5 Bc3 42. Kd5 Bxe5 43. Kxe5 a5 44. Kd5 Kf6 45. Kc4 Kxf5 46.
Kb5 Kg5 47. Kxa5 Kh4 48. Kb5 Kxh3 49. Kc4 Kg3 50. Kd3 f5 51. Ke2 Kg2 52. Ke3 h5
53. Kf4 h4 54. Kxf5 h3 0-1

[Event "Portugal Open 2020"]
[Site "Lisboa POR"]
[Date "2020.01.26"]
[Round "3.95"]
[White "Moura, Miguel"]
[Black "Santos, Ana P"]
[Result "0-1"]
[WhiteElo "1029"]
[BlackElo "1543"]
[WhiteFideId "1963430"]
[BlackFideId "1921550"]
[WhiteCountry "POR"]
[BlackCountry "POR"]
[PlyCount "116"]
[EventDate "2020.01.25"]

1. e4 e5 2. Nf3 Nc6 3. Bc4 Nf6 4. Ng5 d5 5. exd5 Na5 6. Bb5+ c6 7. dxc6 bxc6 8.
Be2 h6 9. Nh3 Bc5 10. O-O Bxh3 11. gxh3 Nb7 12. d3 Nd6 13. Nc3 O-O 14. Be3 Bb6
15. Bxb6 axb6 16. f4 Nf5 17. Qd2 Qd4+ 18. Kh1 Ne3 19. Rf3 exf4 20. Rg1 Rfe8 21.
Bd1 Qb4 22. b3 Rxa2 23. Rxf4 Qxf4 24. Nxa2 Qf5 25. c4 Qxh3 26. Rg3 Qe6 27. Nc3
Nf1 28. Rxg7+ Kxg7 29. Qg2+ Kf8 30. Qxf1 Qe1 31. Qxe1 Rxe1+ 32. Kg2 Re3 33. Be2
Ne4 34. Nxe4 Rxe2+ 35. Nf2 Rb2 36. Kf3 Rxb3 37. Ke4 h5 38. Ke5 Rb2 39. Ne4 Rxh2
40. Kd6 c5 41. Kc6 Rb2 42. Nd6 h4 43. Nb5 h3 44. Kxb6 h2 45. d4 cxd4 46. c5 h1=Q
47. c6 Rxb5+ 48. Kxb5 Qxc6+ 49. Kxc6 d3 50. Kd5 d2 51. Ke5 d1=Q 52. Kf6 Qe1 53.
Kf5 Ke7 54. Kg5 Qf1 55. Kh6 Qg1 56. Kh5 f5 57. Kh6 Kf6 58. Kh5 Qg5# 0-1

[Event "Portugal Open 2020"]
[Site "Lisboa POR"]
[Date "2020.01.26"]
[Round "3.96"]
[White "Correia, Pedro Mourão"]
[Black "Clemente, António J"]
[Result "1-0"]
[WhiteElo "1542"]
[BlackElo "1163"]
[WhiteFideId "1959522"]
[BlackFideId "1961799"]
[WhiteCountry "POR"]
[BlackCountry "POR"]
[PlyCount "67"]
[EventDate "2020.01.25"]

1. e4 c6 2. Nf3 e6 3. Nc3 g6 4. d4 d5 5. e5 c5 6. Bg5 Be7 7. Bxe7 Qxe7 8. Nb5 f6
9. Nd6+ Kd8 10. dxc5 Nc6 11. c4 Nxe5 12. Nxe5 fxe5 13. cxd5 Kc7 14. Nb5+ Kd8 15.
dxe6+ Ke8 16. Nd6+ Kf8 17. Nf7 Bxe6 18. Nxh8 Rd8 19. Qc1 Kg7 20. Nxg6 hxg6 21.
Be2 Bd5 22. O-O Nf6 23. Qg5 Qf7 24. Rad1 Rh8 25. Rfe1 Ne4 26. Qxe5+ Kh7 27. Bf3
Bc6 28. Bxe4 Re8 29. Qd4 Bb5 30. Re3 Qg7 31. Bxg6+ Kg8 32. Rxe8+ Bxe8 33. Qxg7+
Kxg7 34. Bxe8 1-0

[Event "Portugal Open 2020"]
[Site "Lisboa POR"]
[Date "2020.01.26"]
[Round "3.97"]
[White "Ferreira, Miguel Limão"]
[Black "Guedes, Rui Pedro"]
[Result "1-0"]
[WhiteElo "1530"]
[BlackElo "1109"]
[WhiteFideId "1952137"]
[BlackFideId "1916084"]
[WhiteCountry "POR"]
[BlackCountry "POR"]
[PlyCount "41"]
[EventDate "2020.01.25"]

1. e4 e6 2. d4 d5 3. Nd2 c5 4. exd5 Qxd5 5. Ngf3 Nc6 6. Bc4 Qh5 7. Nb3 Qg4 8.
O-O Nf6 9. Be3 cxd4 10. Nbxd4 Bd7 11. Be2 Bc5 12. Ne5 Qe4 13. Nxd7 Nxd7 14. Bf3
Qg6 15. Nxc6 bxc6 16. Bxc6 Rd8 17. Bxc5 a6 18. Qd6 Qf6 19. Rad1 h5 20. Bxd7+
Rxd7 21. Qxd7# 1-0

[Event "Portugal Open 2020"]
[Site "Lisboa POR"]
[Date "2020.01.26"]
[Round "3.99"]
[White "Abdurramane, Dánial"]
[Black "Ferreira, Cristina"]
[Result "1-0"]
[WhiteElo "1499"]
[BlackElo "1011"]
[WhiteFideId "1962523"]
[BlackFideId "1963082"]
[WhiteCountry "POR"]
[BlackCountry "POR"]
[PlyCount "39"]
[EventDate "2020.01.25"]

1. e4 e6 2. d4 d5 3. e5 c5 4. c3 cxd4 5. cxd4 Nc6 6. f4 Bb4+ 7. Nc3 Nge7 8. Nf3
O-O 9. a3 Bxc3+ 10. bxc3 Nf5 11. Bd3 Nce7 12. g4 Nh6 13. Ng5 f5 14. exf6 gxf6
15. Nxh7 Rf7 16. g5 fxg5 17. Nxg5 Rg7 18. Qh5 Nef5 19. Rf1 Qc7 20. Qe8# 1-0

[Event "Portugal Open 2020"]
[Site "Lisboa POR"]
[Date "2020.01.28"]
[Round "4.1"]
[White "Martín Duque, Jesus"]
[Black "Alekseev, Evgeny"]
[Result "0-1"]
[WhiteElo "2447"]
[BlackElo "2623"]
[WhiteFideId "2208954"]
[BlackFideId "4138147"]
[WhiteTitle "IM"]
[BlackTitle "GM"]
[WhiteCountry "ESP"]
[BlackCountry "RUS"]
[PlyCount "108"]
[EventDate "2020.??.??"]

1. e4 c5 2. Nf3 Nc6 3. Bb5 g6 4. Bxc6 dxc6 5. h3 Bg7 6. d3 Nf6 7. Nc3 Nd7 8. Be3
b6 9. Qd2 h6 10. O-O-O e5 11. Nh2 Qe7 12. Rhe1 Nf8 13. f4 exf4 14. Bxf4 Ne6 15.
Bg3 Qg5 16. Qxg5 Nxg5 17. Nf1 O-O 18. Ne3 Ne6 19. e5 Ng5 20. Nc4 Be6 21. Nd6
Rad8 22. Rd2 Rd7 23. Rf2 Rfd8 24. h4 Nh7 25. Nce4 Bf8 26. Ref1 f5 27. Nc3 Nf6
28. exf6 Bxd6 29. Bxd6 Rxd6 30. h5 g5 31. Ne2 c4 32. dxc4 Bxc4 33. b3 Ba6 34. c4
Bc8 35. Ng3 f4 36. Ne4 Rd4 37. Nd2 Kf7 38. Re1 Kxf6 39. g3 Bf5 40. gxf4 Rxf4 41.
Rfe2 g4 42. Nf1 Rf3 43. Ne3 Bc8 44. Rg1 Rd4 45. Nc2 Rdf4 46. Re8 Be6 47. Re1 Bf7
48. Rc8 Rf1 49. Rxc6+ Kg5 50. Kd2 g3 51. Re5+ Rf5 52. Rxf5+ Rxf5 53. Ne3 Rf2+
54. Ke1 Bxh5 0-1

[Event "Portugal Open 2020"]
[Site "Lisboa POR"]
[Date "2020.01.28"]
[Round "4.2"]
[White "Indjic, Aleksandar"]
[Black "Stachowiak, Kamil"]
[Result "1/2-1/2"]
[WhiteElo "2622"]
[BlackElo "2446"]
[WhiteFideId "911925"]
[BlackFideId "1119966"]
[WhiteTitle "GM"]
[BlackTitle "IM"]
[WhiteCountry "SRB"]
[BlackCountry "POL"]
[PlyCount "90"]
[EventDate "2020.??.??"]

1. c4 Nf6 2. d3 g6 3. e4 d6 4. h4 h5 5. Nc3 c5 6. Bg5 Bg7 7. g3 Nc6 8. Bg2 Nd4
9. Nce2 Nxe2 10. Nxe2 Rb8 11. O-O O-O 12. d4 cxd4 13. Nxd4 Bd7 14. Qd2 Ng4 15.
Rac1 Re8 16. Rfd1 Rc8 17. b3 a6 18. Nf3 Bc6 19. Nh2 Nf6 20. Qe1 Qc7 21. c5 dxc5
22. Rxc5 Rcd8 23. Rxd8 Rxd8 24. Rc2 Nh7 25. Bf4 e5 26. Bd2 Nf8 27. Nf3 Ne6 28.
Bh3 Nd4 29. Nxd4 exd4 30. Bg2 d3 31. Rc4 Qe5 32. Qc1 Rd4 33. Rc5 Qe7 34. e5 Bxg2
35. Kxg2 Bxe5 36. Rc8+ Kh7 37. Qe1 Rd7 38. Qe3 Bg7 39. Qxe7 Rxe7 40. Rd8 Re2 41.
Rxd3 Bh6 42. Bc3 Bg7 43. Rd2 Rxd2 44. Bxd2 f5 45. Kf3 Kg8 1/2-1/2

[Event "Portugal Open 2020"]
[Site "Lisboa POR"]
[Date "2020.01.28"]
[Round "4.3"]
[White "Iturrizaga, Eduardo"]
[Black "Sousa, André V"]
[Result "1-0"]
[WhiteElo "2597"]
[BlackElo "2391"]
[WhiteFideId "3901211"]
[BlackFideId "1917617"]
[WhiteTitle "GM"]
[BlackTitle "IM"]
[WhiteCountry "VEN"]
[BlackCountry "POR"]
[PlyCount "93"]
[EventDate "2020.??.??"]

1. c4 e6 2. g3 Nf6 3. Bg2 d5 4. d4 Be7 5. Nf3 O-O 6. O-O dxc4 7. Qc2 a6 8. a4
Bd7 9. Qxc4 Bc6 10. Bg5 Bd5 11. Qc2 Be4 12. Qc1 h6 13. Bxf6 Bxf6 14. Rd1 Nc6 15.
Nbd2 Bg6 16. Nb3 Qd6 17. e3 Rab8 18. Nc5 Nb4 19. Ne5 Bc2 20. Nc4 Qe7 21. Rd2 b6
22. Nxa6 Nxa6 23. Qxc2 c5 24. dxc5 Qxc5 25. Nd6 Qb4 26. Rad1 Nc5 27. Ne4 Nxe4
28. Qxe4 Qb3 29. Bf1 Rfc8 30. Bb5 Rc5 31. Kg2 Rbc8 32. Qb7 Qb4 33. Qxb6 Qe4+ 34.
Kg1 Rc1 35. Qd6 g6 36. Rxc1 Rxc1+ 37. Rd1 Qb1 38. Rxc1 Qxc1+ 39. Bf1 Qxb2 40. a5
Bc3 41. a6 Be1 42. Qf4 Qa2 43. Qf3 h5 44. Qe2 Qa1 45. Kg2 Qa5 46. a7 Bxf2 47.
Qa6 1-0

[Event "Portugal Open 2020"]
[Site "Lisboa POR"]
[Date "2020.01.28"]
[Round "4.4"]
[White "Butkiewicz, Lukasz"]
[Black "Petrov, Nikita"]
[Result "1/2-1/2"]
[WhiteElo "2416"]
[BlackElo "2592"]
[WhiteFideId "1122428"]
[BlackFideId "4101286"]
[WhiteTitle "IM"]
[BlackTitle "GM"]
[WhiteCountry "POL"]
[BlackCountry "RUS"]
[PlyCount "34"]
[EventDate "2020.??.??"]

1. d4 Nf6 2. c4 g6 3. Nc3 Bg7 4. Nf3 O-O 5. g3 d5 6. cxd5 Nxd5 7. Bg2 Nxc3 8.
bxc3 c5 9. O-O Nc6 10. Be3 Qa5 11. Qb3 Be6 12. Qxb7 Rfc8 13. Ne5 Nxe5 14. dxe5
Rab8 15. Qxe7 Bxe5 16. Rad1 Bxc3 17. Bd5 Bxd5 1/2-1/2

[Event "Portugal Open 2020"]
[Site "Lisboa POR"]
[Date "2020.01.28"]
[Round "4.5"]
[White "Asadli, Vugar"]
[Black "Fidalgo, André"]
[Result "1-0"]
[WhiteElo "2538"]
[BlackElo "2282"]
[WhiteFideId "13405764"]
[BlackFideId "1933620"]
[WhiteTitle "GM"]
[BlackTitle "NM"]
[WhiteCountry "AZE"]
[BlackCountry "POR"]
[PlyCount "71"]
[EventDate "2020.??.??"]

1. e4 c5 2. Nf3 Nc6 3. d4 cxd4 4. Nxd4 g6 5. c4 Nf6 6. Nc3 d6 7. Be2 Nxd4 8.
Qxd4 Bg7 9. Be3 O-O 10. Qd3 a5 11. O-O a4 12. Bd4 Bd7 13. b4 axb3 14. axb3 Bc6
15. b4 b6 16. Nd5 Bxd5 17. cxd5 Rxa1 18. Rxa1 Qc7 19. Qe3 Nd7 20. Bxg7 Kxg7 21.
Bb5 Rb8 22. Bc6 Ne5 23. f4 Ng4 24. Qd4+ Kg8 25. h3 Nf6 26. e5 Nd7 27. Re1 Nf8
28. b5 Nd7 29. h4 Nc5 30. h5 Rf8 31. h6 f6 32. e6 Rb8 33. g4 Rf8 34. g5 Qa7 35.
gxf6 Rxf6 36. Qxf6 1-0